Entrañables lejanías atuendos, atavíos y máscaras de etnias de China / (Registro nro. 3875)

Detalles MARC
000 -LEADER
fixed length control field 01185nam a2200277Ia 4500
003 - CONTROL NUMBER IDENTIFIER
control field OSt
005 - DATE AND TIME OF LATEST TRANSACTION
control field 20200917121421.0
008 - FIXED-LENGTH DATA ELEMENTS--GENERAL INFORMATION
fixed length control field 191128s2016 cc ao gr 000 0 spa d
040 ## - CATALOGING SOURCE
Original cataloging agency CO-JMCR
Transcribing agency CO-JMCR
041 0# - LANGUAGE CODE
Language code of text/sound track or separate title spa
082 04 - DEWEY DECIMAL CLASSIFICATION NUMBER
Classification number 391.00951 /
Item number E531e
Edition number 23
111 2# - MAIN ENTRY--MEETING NAME
Meeting name or jurisdiction name as entry element Academia Colombiana de Historia
9 (RLIN) 10342
245 10 - TITLE STATEMENT
Title Entrañables lejanías atuendos, atavíos y máscaras de etnias de China /
Statement of responsibility, etc. Academia Colombiana de Historia ; Yu Shiyang, Huang Siran, Tu Mu
260 ## - PUBLICATION, DISTRIBUTION, ETC.
Place of publication, distribution, etc. Beijing :
Name of publisher, distributor, etc. Fang Media,
Date of publication, distribution, etc. 2016.
300 ## - PHYSICAL DESCRIPTION
Extent 121 páginas :
Other physical details fotografías ;
Dimensions 23 cm.
505 0# - FORMATTED CONTENTS NOTE
Formatted contents note Felicitaciones de parte de Li nianping excelentísimo señor embajador Chino acreditado en Colombia -- Introducción atuendos de etniasde China: Belleza y leyendas / Fang Zhenning
650 24 - SUBJECT ADDED ENTRY--TOPICAL TERM
Topical term or geographic name entry element Academia Colombiana de Historia
General subdivision Exposiciones
9 (RLIN) 10343
650 24 - SUBJECT ADDED ENTRY--TOPICAL TERM
Topical term or geographic name entry element Catálogos Moda
Geographic subdivision China
9 (RLIN) 10344
650 24 - SUBJECT ADDED ENTRY--TOPICAL TERM
Topical term or geographic name entry element Exposiciones
General subdivision Catálogos
9 (RLIN) 10345
650 24 - SUBJECT ADDED ENTRY--TOPICAL TERM
Topical term or geographic name entry element Prendas de vestir
Geographic subdivision China
9 (RLIN) 10346
650 24 - SUBJECT ADDED ENTRY--TOPICAL TERM
Topical term or geographic name entry element Exposiciones
General subdivision Catálogos
9 (RLIN) 10345
700 1# - ADDED ENTRY--PERSONAL NAME
Personal name Yu, Shiyang,
Relator term traductor
9 (RLIN) 10347
700 1# - ADDED ENTRY--PERSONAL NAME
Personal name Huang, Siran,
Relator term traductor
9 (RLIN) 10348
700 1# - ADDED ENTRY--PERSONAL NAME
Personal name Tu, Mu,
Relator term traductor
9 (RLIN) 10349
942 ## - ADDED ENTRY ELEMENTS (KOHA)
Source of classification or shelving scheme Dewey Decimal Classification
Koha item type Books
Existencias
Withdrawn status Lost status Source of classification or shelving scheme Materials specified (bound volume or other part) Damaged status Not for loan Home library Current library Shelving location Date acquired Source of acquisition Full call number Barcode Date last seen Copy number Price effective from Koha item type
    Dewey Decimal Classification Donación -- 01/12/2017 --     Biblioteca Pública José María del Castillo y Rada Biblioteca Pública José María del Castillo y Rada General Stacks 11/28/2019 Donación 391.00951 / E531e 201808436 05/16/2024 Ej.1 11/28/2019 Books